Taylor Swift - Chansons de TTPD par longueur des titres - Statistiques

Statistiques générales
  • Ce quiz a été pris 70 fois
  • Le résultat moyen est 14 sur 18
Statistiques - réponses
Nombre de
caractères
Chansons % Correct
4 loml
91%
5 Peter / Robin
91%
9 Fortnight / Cassandra / The Bolter
89%
7 Down Bad / Florida!!!
87%
11 Guilty as Sin? / The Black Dog / How Did It End? / I Hate It Here / The Prophecy
84%
8 Clara Bow
80%
26 The Tortured Poets Department / The Smallest Man Who Ever Lived / Chloe or Sam or Sophia or Marcus
80%
12 So Long, London / The Albatross / So High School
78%
10 The Alchemy
76%
13 thanK you AImee / The Manuscript
73%
23 Who's Afraid of Little Old Me?
73%
22 I Can Fix Him (No Really I Can)
71%
18 Fresh Out the Slammer
69%
24 I Can Do It With a Broken Heart
69%
21 I Look in People's Windows
69%
16 But Daddy I Love Him
67%
30 My Boy Only Breaks His Favorite Toys
67%
17 Imgonnagetyouback
64%
Aucun quiz correspondant
Distribution des résultats
% des personnes avec chaque résultat
Percentile par nombre de réponses
Votre historique - résultats
Vous n’avez pas pris ce quiz